Statistics for Ultimate Video Game Character Quiz

Click here to take the quiz!

General Stats

  • This quiz has been taken 26 times
  • The average score is 28 of 52

Answer Stats

CharacterGame% Correct
PikachuPokemon
96%
BowserSuper Mario Bros
96%
LinkLegend of Zelda
92%
KnucklesSonic the Hedgehog
88%
Vault BoyFallout
83%
Lara CroftTomb Raider
83%
KratosGod of War
79%
GLaDOSPortal
79%
Solid SnakeMetal Gear
75%
Sub-ZeroMortal Kombat
75%
RyuStreet Fighter
75%
Big DaddyBioShock
71%
CortanaHalo
71%
SamusMetroid
71%
Nathan DrakeUncharted
71%
AltairAssassins Creed
67%
Cloud StrifeFinal Fantasy
67%
Agent 47Hitman
67%
SteveMinecraft
67%
FalcoStar Fox
67%
Neo CortexCrash Bandicoot
63%
DoomguyDoom
63%
InkyPac-Man
63%
John MarsdenRed Dead Redemption
63%
John PriceCall of Duty
58%
DovahkiinElder Scrolls
58%
King DededeKirby
58%
WinstonOverwatch
58%
DanteDevil May Cry
54%
VaasFar Cry
54%
Trevor PhillipsGrand Theft Auto
54%
G-ManHalf-Life
54%
Commander ShepardMass Effect
54%
Proto ManMega Man
54%
NessEarthbound
46%
DaxterJak and Daxter
42%
Albert WeskerResident Evil
42%
Marcus FenixGears of War
38%
GruntildaBanjo-Kazooie
33%
AlucardCastlevania
29%
Captain QwarkRatchet and Clank
29%
Isaac ClarkeDead Space
25%
Johnny GatSaints Row
25%
Aiden PearceWatch Dogs
21%
GloboxRayman
17%
MaxwellScribblenauts
17%
TyraelDiablo
13%
EllisLeft 4 Dead
13%
Sylvanas WindrunnerWorld of Warcraft
13%
Daniel ReckerBattlefield
4%
RoxasKingdom Hearts
4%
Lee EverettThe Last of Us
4%

Score Distribution

Percentile by Number Answered

Percent of People with Each Score

Your Score History

You have not taken this quiz